Click to translate - Proto-Indo-European - Statistics

General Stats
  • This quiz has been taken 311 times
  • The average score is 12 of 32
Answer Stats
Hint Answer % Correct
*bʰréh₂tēr brother
78%
*septḿ̥ seven
76%
*wódr̥ water
73%
*sneygʷʰ snow
65%
*pṓds, foot
56%
*néh₂s nose
48%
*gʷʰerm warm
48%
*bʰudʰmḗn bottom
47%
*éḱwos horse
46%
*h₃dónts tooth
44%
*dyḗws god
43%
*mélit honey
42%
*déḱm̥t ten
41%
*h₂ster star
38%
*h₃rḗǵs king
37%
*wl̥kʷos wolf
37%
*h₂weh₁n̥to wind
32%
*ḱerd heart
31%
*nébʰos cloud
29%
*h₂ŕ̥tḱos bear
26%
*ǵónu knee
26%
*kʷekʷlo wheel
26%
*h₃ókʷs eye
23%
*seh₂wol sun
23%
*meh₁ns moon
20%
*deḱs right (side)
18%
*h₁n̥gʷnís fire
17%
*wiHrós man
16%
*ḱwon dog
15%
*mer dead
14%
*dóru tree
13%
*néh₂us boat
7%
No matching quizzes found
Score Distribution
Percent of People with Each Score
Percentile by Number Answered
Your Score History
You have not taken this quiz